Quantum Mechanics (Record no. 86533)

MARC details
000 -LEADER
fixed length control field 00435pam a2200181 a 4500
020 ## - INTERNATIONAL STANDARD BOOK NUMBER
Terms of availability
040 ## - CATALOGING SOURCE
Original cataloging agency JNTU_500028
041 ## - LANGUAGE CODE
Language code of text/sound track or separate title eng
082 ## - DEWEY DECIMAL CLASSIFICATION NUMBER
Classification number 530.12
Item number GUP
100 ## - MAIN ENTRY--PERSONAL NAME
Personal name Gupta,S.L
245 ## - TITLE STATEMENT
Title Quantum Mechanics
Statement of responsibility, etc. S.L.Gupta
Medium Textual Documents
250 ## - EDITION STATEMENT
Edition statement 9th ed
260 ## - PUBLICATION, DISTRIBUTION, ETC.
Place of publication, distribution, etc. Meerut
Name of publisher, distributor, etc. Jai Prakash Nath & Co
Date of publication, distribution, etc. 1989
300 ## - PHYSICAL DESCRIPTION
Extent xii,738p.
Other physical details ill.
Dimensions 21 cm.
500 ## - GENERAL NOTE
General note Includes index.
700 ## - ADDED ENTRY--PERSONAL NAME
Personal name Sharma, H.V.
930 ## - EQUIVALENCE OR CROSS-REFERENCE-UNIFORM TITLE HEADING [LOCAL, CANADA]
Uniform title 9628
Holdings
Withdrawn status Lost status Damaged status Not for loan Collection Home library Current library Date acquired Source of acquisition Total Checkouts Full call number Barcode Date last seen Copy number Price effective from Koha item type
          Yashwantrao Mohite College of Arts, Science And Commerce, Pune Yashwantrao Mohite College of Arts, Science And Commerce, Pune 09/06/2021 Everest Publication House   530.12 GUP YMP-30379 24/02/2023 1 24/02/2023 Book